Cricket Teams With ODI Statuses - Statistics

General Stats
  • This quiz has been taken 31 times
  • The average score is 21 of 24
Answer Stats
Years Answer % Correct
1971-Present Australia
100%
1997-Present Bangladesh
100%
1971-Present England
100%
1974-Present India
100%
1973-Present New Zealand
100%
1973-Present Pakistan
100%
2006-Present Scotland
100%
2006-Present Ireland
96%
1982-Present Sri Lanka
96%
2009-Present Afghanistan
92%
2018-Present Netherlands
92%
1991-Present South Africa
92%
1973-Present West Indies
92%
1992-Present Zimbabwe
92%
1997-2014 Kenya
88%
2019-Present United States
88%
2006-2014; 2023-Present Canada
85%
2014-Present United Arab Emirates
81%
2018-Present Nepal
73%
2019-Present Namibia
69%
2019-Present Oman
62%
2014-2018; 2019-Present Papua New Guinea
62%
2014-2018 Hong Kong
54%
2006-2009 Bermuda
38%
No matching quizzes found
Score Distribution
Percent of People with Each Score
Percentile by Number Answered
Your Score History
You have not taken this quiz